Anuario de la enseñanza primaria. (Record no. 173311)

MARC details
000 -LEADER
campo de control de longitud fija 00666nas a2200193 i 4500
001 - NÚMERO DE CONTROL
campo de control 173311
003 - IDENTIFICADOR DE NÚMERO DE CONTROL
campo de control ES-MaACL
005 - FECHA Y HORA DE LA ÚLTIMA TRANSACCIÓN
campo de control 20250830014047.0
008 - DATOS DE LONGITUD FIJA--INFORMACIÓN GENERAL
campo de control de longitud fija 091125c1951 sp | | ||pa d
245 00 - MENCIÓN DEL TÍTULO
Título Anuario de la enseñanza primaria.
260 ## - PUBLICACIÓN, DISTRIBUCIÓN, ETC.
Lugar de publicación, distribución, etc. Madrid :
Nombre del editor, distribuidor, etc. Secretariado de la Comisión Episcopal de Enseñanza,
Fecha de publicación, distribución, etc. 1951-
300 ## - DESCRIPCIÓN FÍSICA
Extensión 584 p. ;
Dimensiones 22 cm.
594 ## - Nota al título y mención de responsabilidad
Nota al título y mención de responsabilidad Precede al tít.: Centros educativos de la Iglesia.
650 04 - PUNTO DE ACCESO ADICIONAL DE MATERIA--TÉRMINO DE MATERIA
Término de materia o nombre geográfico como elemento de entrada Enseñanza.
9 (RLIN) 12279
710 2# - ENTRADA AGREGADA--NOMBRE DE ENTIDAD CORPORATIVA
Nombre de entidad corporativa o nombre de jurisdicción como elemento de entrada Conferencia Episcopal Española.
Unidad subordinada Comisión Episcopal de Enseñanza y Educación Religiosa
9 (RLIN) 3032
852 ## - LOCALIZACIÓN
Ubicación ES-MaACL
Número de control de estantería E-4263
866 #0 - MENCIÓN TEXTUAL DE FONDOS--UNIDAD BIBLIOGRÁFICA BÁSICA
Fondos 1959.
Holdings
Estatus retirado Estado de pérdida Estado de daño No para préstamo Colección Biblioteca de origen Biblioteca actual Ubicación en estantería Fecha de adquisición Fuente de adquisición Total de préstamos Signatura topográfica completa Código de barras Visto por última vez Precio de reemplazo Tipo de ítem Koha
        Periódicos y Revistas Biblioteca del Ateneo de Madrid Biblioteca del Ateneo de Madrid Depósito 2 25/11/2009     E-4263 1181883 23/02/2023 23/02/2023 Revista